|
|
|
|
| LEADER |
00000cam a2200000 4500 |
| 001 |
vtls011826617 |
| 003 |
SK-MaSNL |
| 005 |
20260301183947.0 |
| 008 |
200228s2018 xo a br 000 0 slo |
| 015 |
|
|
|a SNBA2019/05
|
| 020 |
|
|
|a 9788056703304
|q (viazané)
|
| 035 |
|
|
|a urn:nbn:sk:snk-am00dcts
|
| 035 |
|
|
|a urn:nbn:sk:snk-am3hxth
|
| 035 |
|
|
|a A28B5739-323E-4715-B98C-B5DAD496DA6C
|
| 040 |
|
|
|a SNK
|b slo
|c SNK
|e rda
|
| 041 |
1 |
|
|a slo
|h eng
|
| 044 |
|
|
|a xo
|c SK
|
| 072 |
|
7 |
|a 502
|x Životné prostredie a jeho ochrana
|2 konspekt
|
| 072 |
|
7 |
|a 0/9-053.2
|x Literatúra pre deti a mládež (náučná)
|2 konspekt
|
| 080 |
|
|
|a 502.2
|2 2011
|
| 080 |
|
|
|a 592/599
|2 2011
|
| 080 |
|
|
|a 582
|2 2011
|
| 080 |
|
|
|a (0.062)
|2 2011
|
| 080 |
|
|
|a 82-93-053.2
|2 2011
|
| 100 |
1 |
|
|a De la Bédoyère, Camilla
|4 aut
|9 155925
|
| 240 |
1 |
0 |
|a My first book of nature
|l Slovensky
|
| 245 |
1 |
0 |
|a Moja prvá kniha o prírode
|c Camilla de la Bédoyère, Jane Newland ; preklad Jitka Madarásová
|
| 250 |
|
|
|a Prvé slovenské vydanie
|
| 264 |
|
1 |
|a Bratislava
|b Svojtka & Co. Vydavateľstvo
|c 2018
|
| 300 |
|
|
|a 62 strán
|b farebné ilustrácie
|c 35 cm
|e 4 stieracie karty
|
| 336 |
|
|
|a text
|b txt
|2 rdacontent
|
| 336 |
|
|
|a statický obraz
|b stit
|2 rdacontent
|
| 337 |
|
|
|a bez média
|b n
|2 rdamedia
|
| 338 |
|
|
|a zväzok
|b nc
|2 rdacarrier
|
| 500 |
|
|
|a Obsahuje slovník na strane 62
|
| 500 |
|
|
|a Stieracie karty sú súčasťou knihy
|
| 521 |
8 |
|
|a Pre čitateľov od 6 rokov
|
| 650 |
0 |
7 |
|a príroda
|2 SNKPH
|9 3813
|
| 650 |
0 |
7 |
|a zvieratá
|2 SNKPH
|9 1091
|
| 650 |
0 |
7 |
|a Nature
|2 SNKPHeng
|9 267314
|
| 650 |
0 |
7 |
|a Animals
|2 SNKPHeng
|9 267568
|
| 650 |
0 |
7 |
|a rastliny
|2 SNKPH
|9 690
|
| 650 |
0 |
7 |
|a Plants
|2 SNKPHeng
|9 296405
|
| 655 |
|
7 |
|a populárno-náučné publikácie
|2 SNKPH
|9 70460
|
| 655 |
|
7 |
|a publikácie pre deti
|2 SNKPH
|9 70148
|
| 655 |
|
7 |
|a Popular works
|2 SNKPHeng
|9 90287
|
| 655 |
|
7 |
|a Children's literature
|2 SNKPHeng
|9 276039
|
| 700 |
1 |
|
|a Newland, Jane
|4 ill
|9 180934
|
| 700 |
1 |
|
|a Madarásová, Jitka
|4 trl
|9 207448
|
| 852 |
|
|
|a Podtatranská knižnica v Poprade
|
| 852 |
|
|
|a Štátna vedecká knižnica v Banskej Bystrici
|
| 919 |
|
|
|a 978-80-567-0330-4
|
| 958 |
|
|
|a DB
|
| 958 |
|
|
|a OP
|
| 968 |
|
|
|b ENG
|
| 999 |
|
|
|c 858948
|d 860878
|
| 952 |
|
|
|a SNK
|b SNK
|y PREZ
|7 0
|p 17A1364786
|o snkSB 94152
|i snk2019/13365
|8 0
|0 0
|1 0
|4 0
|d 2019-05-14
|f 1
|l 0
|r 2025-05-15 00:00:00
|w 2026-02-24
|
| 952 |
|
|
|a SNK
|b SNK
|y VYP
|7 0
|p 17A1364787
|o snkSB 94152 D1
|i snk2019/13366
|8 0
|0 0
|1 0
|4 0
|d 2019-05-14
|l 0
|r 2026-02-24 05:06:28
|w 2026-02-24
|